| 000 | 00372nam a2200133Ia 4500 | ||
|---|---|---|---|
| 008 | 160216s9999 xx 000 0 und d | ||
| 100 | _aChristie, I. | ||
| 245 | _aAudiences / | ||
| 245 | _cI. Christie. | ||
| 260 | _bAmsterdam University Press | ||
| 260 | _c2012 | ||
| 650 | _xAudiences. | ||
| 856 | _uhttp://media.wix.com/ugd/f47560_60a1c6eb6670408c9bed9efff4de5cca.pdf | ||
| 999 |
_c290620 _d290620 |
||